Pennsylvania adult correctional training institutes / 4 The roles of the probation and parole officer
| VerfasserInnen: | ; ; |
|---|---|
| Medienart: | Druck Buch |
| Sprache: | Englisch |
| Veröffentlicht: |
Washington, D.C.
National Criminal Inst. Reference Service
1976
|
| In: |
Pennsylvania adult correctional training institutes
Jahr: 1976 |
| Bestand in Tübingen: | In Tübingen vorhanden. UB: KB 1 G 448-4 |
| Verfügbarkeit prüfen: | HBZ Gateway |
| Subito Bestelldienst: | Jetzt bestellen. |
MARC
| LEADER | 00000cam a22000002cc4500 | ||
|---|---|---|---|
| 001 | 1090586434 | ||
| 003 | DE-627 | ||
| 005 | 20220514123116.0 | ||
| 007 | tu | ||
| 008 | 900530s1976 xx ||||| 00| ||eng c | ||
| 035 | |a (DE-627)1090586434 | ||
| 035 | |a (DE-576)020586434 | ||
| 035 | |a (DE-599)BSZ020586434 | ||
| 035 | |a (OCoLC)311258388 | ||
| 040 | |a DE-627 |b ger |c DE-627 |e rakwb | ||
| 041 | |a eng | ||
| 100 | 1 | |a Newman, Charles L. |4 aut | |
| 245 | 1 | 0 | |a Pennsylvania adult correctional training institutes |n 4 |p The roles of the probation and parole officer |c Charles L. Newman; Stanley S. Goehring; Ellen S. Pierce |
| 264 | 1 | |a Washington, D.C. |b National Criminal Inst. Reference Service |c 1976 | |
| 336 | |a Text |b txt |2 rdacontent | ||
| 337 | |a ohne Hilfsmittel zu benutzen |b n |2 rdamedia | ||
| 338 | |a Band |b nc |2 rdacarrier | ||
| 583 | 1 | |a Archivierung prüfen |c 20200919 |f DE-640 |z 1 |2 pdager | |
| 700 | 1 | |a Goehring, Stanley S. |4 aut | |
| 700 | 1 | |a Pierce, Ellen S. |4 aut | |
| 773 | 1 | 8 | |a Pennsylvania adult correctional training institutes |w (DE-627)1090585926 |w (DE-576)020585926 |g 4 |q 4 |7 nnam |
| 951 | |a MV | ||
| ELC | |b 1 | ||
| LOK | |0 000 xxxxxcx a22 zn 4500 | ||
| LOK | |0 001 2145534334 | ||
| LOK | |0 003 DE-627 | ||
| LOK | |0 004 1090586434 | ||
| LOK | |0 005 20020606000000 | ||
| LOK | |0 008 900530||||||||||||||||ger||||||| | ||
| LOK | |0 040 |a DE-21 |c DE-627 |d DE-21 | ||
| LOK | |0 852 |a DE-21 | ||
| LOK | |0 852 1 |c KB 1 G 448-4 |9 00 | ||
| LOK | |0 866 |x Mikrofiche | ||
| LOK | |0 935 |a krim | ||
| LOK | |0 936ln |a k12.6 | ||
| LOK | |0 939 |a 30-05-90 |b l01 | ||
| ORI | |a SA-MARC-krimdoka001.raw | ||
| SIG | |a UB: KB 1 G 448-4 | ||
